<?xml version="1.0" encoding="UTF-8"?>
<record
    xmlns:xsi="http://www.w3.org/2001/XMLSchema-instance"
    xsi:schemaLocation="http://www.loc.gov/MARC21/slim http://www.loc.gov/standards/marcxml/schema/MARC21slim.xsd"
    xmlns="http://www.loc.gov/MARC21/slim">

  <leader>01589nam a2200313Ia 4500</leader>
  <controlfield tag="005">20220316235414.0</controlfield>
  <controlfield tag="008">121119s2001    sp     gr     000 f spa  </controlfield>
  <datafield tag="020" ind1=" " ind2=" ">
    <subfield code="a">842063896X</subfield>
  </datafield>
  <datafield tag="041" ind1="1" ind2=" ">
    <subfield code="a">spa</subfield>
  </datafield>
  <datafield tag="100" ind1="1" ind2=" ">
    <subfield code="a">Stendhal, Henry Beyle, </subfield>
    <subfield code="d">1783-1842</subfield>
  </datafield>
  <datafield tag="245" ind1="1" ind2="3">
    <subfield code="a">La cartuja de Parma</subfield>
    <subfield code="c">Stendhal ; traducci&#xF3;n y notas de Consuelo Berges</subfield>
  </datafield>
  <datafield tag="250" ind1=" " ind2=" ">
    <subfield code="a">Primera edici&#xF3;n</subfield>
  </datafield>
  <datafield tag="264" ind1=" " ind2="1">
    <subfield code="a">Madrid</subfield>
    <subfield code="b">Alianza</subfield>
    <subfield code="c">2001</subfield>
  </datafield>
  <datafield tag="300" ind1=" " ind2=" ">
    <subfield code="a">616 p&#xE1;ginas</subfield>
    <subfield code="c">19 cm</subfield>
  </datafield>
  <datafield tag="336" ind1=" " ind2=" ">
    <subfield code="a">texto</subfield>
    <subfield code="b">txt</subfield>
    <subfield code="2">rdacontent</subfield>
  </datafield>
  <datafield tag="337" ind1=" " ind2=" ">
    <subfield code="a">sin mediaci&#xF3;n</subfield>
    <subfield code="b">n</subfield>
    <subfield code="2">rdamedia</subfield>
  </datafield>
  <datafield tag="338" ind1=" " ind2=" ">
    <subfield code="a">volumen</subfield>
    <subfield code="b">nc</subfield>
    <subfield code="2">rdacarrier</subfield>
  </datafield>
  <datafield tag="490" ind1="0" ind2=" ">
    <subfield code="a">El libro de bolsillo : literatura</subfield>
  </datafield>
  <datafield tag="520" ind1="3" ind2=" ">
    <subfield code="a">La cartuja de Parma narra la historia de Fabricio del Dongo durante los &#xFA;ltimos a&#xF1;os del dominio napole&#xF3;nico en Europa. Su t&#xED;a Gina, la fascinante duquesa de Sanseverino, y el amante de esta, el primer ministro del ducado, urden un plan para promocionar la carrera del adorado sobrino en la corte de Parma. Gina es objeto de las proposiciones del detestable pr&#xED;ncipe Ranuccio, al que se ha jurado rechazar con todas sus fuerzas. Fabricio es arrestado por homicidio y encerrado en la torre Farnese. A partir de ah&#xED;, las aventuras de Fabricio estar&#xE1;n siempre rodeadas por la amenaza de la muerte y el acecho de un amor inesperado.</subfield>
  </datafield>
  <datafield tag="534" ind1=" " ind2=" ">
    <subfield code="t">Chartreuse de Parme</subfield>
  </datafield>
  <datafield tag="650" ind1="1" ind2="4">
    <subfield code="2">LEMB</subfield>
    <subfield code="a">Novela francesa</subfield>
  </datafield>
  <datafield tag="650" ind1="1" ind2="4">
    <subfield code="2">LEMB</subfield>
    <subfield code="a">Novela polic&#xED;aca</subfield>
  </datafield>
  <datafield tag="650" ind1="1" ind2="4">
    <subfield code="2">LEMB</subfield>
    <subfield code="a">Novela hist&#xF3;rica</subfield>
  </datafield>
  <datafield tag="650" ind1="1" ind2="4">
    <subfield code="2">LEMB</subfield>
    <subfield code="a">Amor </subfield>
    <subfield code="v">Novela</subfield>
  </datafield>
  <datafield tag="700" ind1="1" ind2=" ">
    <subfield code="a">Berges, Consuelo</subfield>
    <subfield code="e">traductor</subfield>
    <subfield code="9">118577</subfield>
  </datafield>
  <datafield tag="942" ind1=" " ind2=" ">
    <subfield code="2">loc</subfield>
    <subfield code="c">BKLIT</subfield>
  </datafield>
  <datafield tag="040" ind1=" " ind2=" ">
    <subfield code="a">CO-BoRNBP</subfield>
    <subfield code="b">spa</subfield>
    <subfield code="e">rda</subfield>
    <subfield code="c">CO-BoRNBP</subfield>
  </datafield>
  <datafield tag="084" ind1=" " ind2=" ">
    <subfield code="a">N STE3</subfield>
  </datafield>
  <datafield tag="999" ind1=" " ind2=" ">
    <subfield code="c">864</subfield>
    <subfield code="d">864</subfield>
  </datafield>
  <datafield tag="952" ind1=" " ind2=" ">
    <subfield code="0">0</subfield>
    <subfield code="1">0</subfield>
    <subfield code="2">ddc</subfield>
    <subfield code="4">0</subfield>
    <subfield code="7">0</subfield>
    <subfield code="8">GEN</subfield>
    <subfield code="a">MECUBARR</subfield>
    <subfield code="b">MECUBARR</subfield>
    <subfield code="c">LIT</subfield>
    <subfield code="d">2023-08-01</subfield>
    <subfield code="l">0</subfield>
    <subfield code="o">N STE3</subfield>
    <subfield code="p">CUB01535</subfield>
    <subfield code="r">2023-08-01 19:17:18</subfield>
    <subfield code="t">Ej.1</subfield>
    <subfield code="w">2023-08-01</subfield>
    <subfield code="y">BKLIT</subfield>
  </datafield>
  <datafield tag="952" ind1=" " ind2=" ">
    <subfield code="0">0</subfield>
    <subfield code="1">0</subfield>
    <subfield code="2">ddc</subfield>
    <subfield code="4">0</subfield>
    <subfield code="7">0</subfield>
    <subfield code="8">001</subfield>
    <subfield code="a">MEMAPIRI</subfield>
    <subfield code="b">MEMAPIRI</subfield>
    <subfield code="c">LIT</subfield>
    <subfield code="d">2024-01-15</subfield>
    <subfield code="l">0</subfield>
    <subfield code="o">N STE3</subfield>
    <subfield code="p">MAP00001965</subfield>
    <subfield code="r">2024-01-15 19:26:41</subfield>
    <subfield code="t">Ej.1</subfield>
    <subfield code="w">2024-01-15</subfield>
    <subfield code="y">BKLIT</subfield>
  </datafield>
  <datafield tag="952" ind1=" " ind2=" ">
    <subfield code="0">0</subfield>
    <subfield code="1">0</subfield>
    <subfield code="2">ddc</subfield>
    <subfield code="4">0</subfield>
    <subfield code="7">0</subfield>
    <subfield code="8">GEN</subfield>
    <subfield code="a">MESGUARO</subfield>
    <subfield code="b">MESGUARO</subfield>
    <subfield code="c">LIT</subfield>
    <subfield code="d">2024-05-09</subfield>
    <subfield code="l">0</subfield>
    <subfield code="o">N STE3</subfield>
    <subfield code="p">SG01779</subfield>
    <subfield code="r">2024-05-09 14:01:44</subfield>
    <subfield code="t">Ej.1</subfield>
    <subfield code="w">2024-05-09</subfield>
    <subfield code="y">BKLIT</subfield>
  </datafield>
  <datafield tag="952" ind1=" " ind2=" ">
    <subfield code="0">0</subfield>
    <subfield code="1">0</subfield>
    <subfield code="2">ddc</subfield>
    <subfield code="4">0</subfield>
    <subfield code="7">0</subfield>
    <subfield code="a">MEMESETA</subfield>
    <subfield code="b">MEMESETA</subfield>
    <subfield code="c">LIT</subfield>
    <subfield code="d">2024-10-21</subfield>
    <subfield code="k">842063896</subfield>
    <subfield code="l">0</subfield>
    <subfield code="o">N STE3</subfield>
    <subfield code="p">ME000499</subfield>
    <subfield code="r">2024-10-21 16:29:46</subfield>
    <subfield code="t">Ej.1</subfield>
    <subfield code="w">2024-10-21</subfield>
    <subfield code="y">BKLIT</subfield>
  </datafield>
  <datafield tag="952" ind1=" " ind2=" ">
    <subfield code="0">0</subfield>
    <subfield code="1">0</subfield>
    <subfield code="2">ddc</subfield>
    <subfield code="4">0</subfield>
    <subfield code="7">0</subfield>
    <subfield code="a">MEVHERMO</subfield>
    <subfield code="b">MEVHERMO</subfield>
    <subfield code="d">2025-04-02</subfield>
    <subfield code="k">NSTE3</subfield>
    <subfield code="l">0</subfield>
    <subfield code="o">N STE3</subfield>
    <subfield code="p">VIST   0001727</subfield>
    <subfield code="r">2025-04-02 16:45:11</subfield>
    <subfield code="t">Ej.1</subfield>
    <subfield code="w">2025-04-02</subfield>
    <subfield code="y">BKLIT</subfield>
  </datafield>
</record>
